00518nam a2200181Ia 4500003000900000008004100009020001800050040001600068080002200084245005100106260003500157300001500192650002800207650002500235650001500260650004300275700001800318IN-BaIIA211028s9999 xx 000 0 eng d a0-444-10806-8 cIIA Library a047.1:535bPRO-13 0aProgress in opticsbvol. 13cedited by E. Wolf aAmsterdambNorth-Hollandc1976 axiv, 306p. a Astronomical optics  a Optical properties a Optics  aAstronomy and Astrophysics Thesaurus  aWolf, E., ed.